Histoire des institutions monarchiques dans le Royaume latin de Jérusalem, 1099-1291 /

محفوظ في:

المؤلف الرئيسي: Dodu, Gaston, 1863- (مؤلف)

التنسيق: كتاب

اللغة: French

منشور في: Paris : Hachette, 1894.

الموضوعات:

الوسوم: إضافة وسم

لا توجد وسوم, كن أول من يضع وسما على هذه التسجيلة!

رقم الطلب: D182 .D6 1894

LEADER 00731nam a2200229I 4500
001 9003
003 OSt
005 20251130134919.0
008 130303s1894 fr j 000 0 fre d
010 |a 20010921 
035 |a ocm01225779 
040 |c ARCE Library 
050 4 |a D182 .D6 1894 
100 1 |a Dodu, Gaston,  |d 1863-,  |e author  |9 29100 
245 1 0 |a Histoire des institutions monarchiques dans le Royaume latin de Jérusalem, 1099-1291 /  |c [Gaston Dodu]. 
264 1 |a Paris :  |b Hachette,  |c 1894. 
300 |a xiv, 381 pages :  |b double genealogical tables ;  |c 22 cm. 
500 |a Thèse Faculté des lettres de Paris. 
651 0 |a Jerusalem  |x History  |y Latin Kingdom, 1099-1244. 
901 |a reviewed 
942 |c BK  |2 lcc 
999 |c 4245  |d 4245